[Event "Rottach Egern Seniors Cup 12th"]
[Site "Rottach Egern"]
[Date "2024.04.09"]
[Round "4"]
[White "Jovi, Klaus"]
[Black "Bertram, Thomas"]
[Result "0-1"]
[WhiteElo "1680"]
[BlackElo "1754"]
[PlyCount "74"]
[EventDate "2024.04.06"]
[EventType "swiss"]
[EventRounds "9"]
[EventCountry "GER"]
[SourceTitle "CB16_2024"]
[SourceDate "2024.04.17"]
[SourceVersion "1"]
[SourceVersionDate "2024.04.17"]
[SourceQuality "1"]

1. Nf3 Nf6 2. c4 g6 3. e3 Bg7 4. Nc3 0-0 5. d4 d6 6. Bd3 Nbd7 7. 0-0 b6 8. Qc2 Bb7 9. e4 c5 10. d5 Ne8 11. Bf4 e5 12. dxe6 fxe6 13. Bg3 Rxf3 14. gxf3 Ne5 15. Be2 Qf6 16. Qd1 Rd8 17. Bxe5 Qxe5 18. Kh1 Nf6 19. Rg1 Nh5 20. Qf1 Nf4 21. Rd1 a6 22. Rg3 h5 23. Rd2 Bh6 24. Rc2 Bc6 25. Qg1 Kh7 26. Qf1 Rf8 27. Qd1 h4 28. Rg4 Nh3 29. Qf1 Ng5 30. Rxh4 Nxf3 31. Rxh6+ Kxh6 32. Qh3+ Qh5 33. Qxh5+ gxh5 34. Kg2 Ne1+ 35. Kf1 Nxc2 36. Bd3 Nd4 37. b3 Rf3 0-1

[Event "Rottach Egern Seniors Cup 12th"]
[Site "Rottach Egern"]
[Date "2024.04.06"]
[Round "1"]
[White "Stuhlmann, Alexander"]
[Black "Jovi, Klaus"]
[Result "1-0"]
[WhiteElo "1930"]
[BlackElo "1680"]
[PlyCount "27"]
[EventDate "2024.04.06"]
[EventType "swiss"]
[EventRounds "9"]
[EventCountry "GER"]
[SourceTitle "CB16_2024"]
[SourceDate "2024.04.17"]
[SourceVersion "1"]
[SourceVersionDate "2024.04.17"]
[SourceQuality "1"]

1. e4 c5 2. c3 d5 3. exd5 Qxd5 4. d4 Nf6 5. Nf3 Bg4 6. dxc5 Qxc5 7. Be3 Qc6 8. Qb3 a6 9. Ne5 Qc8 10. Qxf7+ Kd8 11. Bb6+ Qc7 12. Bxc7+ Kxc7 13. Nxg4 Nxg4 14. Qc4+ 1-0

[Event "Rheinland Pfalz Seniors op"]
[Site "Altenkirchen"]
[Date "2023.09.12"]
[Round "8"]
[White "Hotz, Herbert"]
[Black "Jovi, Klaus"]
[Result "1-0"]
[WhiteElo "1596"]
[BlackElo "1529"]
[PlyCount "157"]
[EventDate "2023.09.05"]
[EventType "swiss"]
[EventRounds "9"]
[EventCountry "GER"]
[SourceTitle "EXT 2024"]
[Source "ChessBase"]
[SourceDate "2023.10.10"]
[SourceVersion "1"]
[SourceVersionDate "2023.10.10"]
[SourceQuality "1"]

1. c4 c5 2. g3 Nf6 3. Bg2 g6 4. Nc3 Bg7 5. e4 0-0 6. Nge2 d6 7. 0-0 Nc6 8. d3 e5 9. h3 Be6 10. Nd5 Qc8 11. Kh2 Bxd5 12. exd5 Ne7 13. Rb1 a6 14. b4 b6 15. bxc5 bxc5 16. Nc3 Nf5 17. Ne4 Nxe4 18. dxe4 Nd4 19. f4 Rb8 20. Be3 Qc7 21. fxe5 Bxe5 22. Bf4 Rxb1 23. Qxb1 Rb8 24. Qd3 f6 25. Bxe5 fxe5 26. Rf2 Rf8 27. Qf1 Rxf2 28. Qxf2 Qf7 29. Qxf7+ Kxf7 30. h4 h6 31. Bh3 Kf6 32. Bg4 Nc2 33. Bd1 Nb4 34. Bb3 a5 35. a3 Nd3 36. Kg2 g5 37. hxg5+ Kxg5 38. Bd1 Nb2 39. Be2 h5 40. Kh3 Na4 41. Bf1 Nc3 42. Bd3 Nd1 43. Kg2 Nb2 44. Be2 Na4 45. Kh3 Nb6 46. Bd3 Nd7 47. Be2 Nf6 48. Bf3 Nh7 49. Bd1 Nf8 50. Be2 Ng6 51. Bd1 h4 52. Be2 hxg3 53. Kxg3 Ne7 54. Bd1 Nc8 55. Bc2 Nb6 56. Bb3 Nc8 57. Bd1 Ne7 58. Be2 Ng6 59. Bd3 Nf4 60. Bf1 Kf6 61. Kg4 Ke7 62. Kg5 Kd7 63. Kf6 Kc7 64. Ke7 Ng6+ 65. Ke8 Nh4 66. Be2 Ng2 67. a4 Ne1 68. Bf1 Nc2 69. Be2 Nb4 70. Ke7 Na2 71. Bd1 Nc3 72. Bc2 Ne2 73. Bb3 Nd4 74. Bd1 Nc6+ 75. dxc6 Kxc6 76. Ke6 Kc7 77. Bh5 d5 78. exd5 e4 79. Ke7 1-0

[Event "Rheinland Pfalz Seniors op"]
[Site "Altenkirchen"]
[Date "2023.09.10"]
[Round "6"]
[White "Pfaff, Helmut"]
[Black "Jovi, Klaus"]
[Result "0-1"]
[WhiteElo "1219"]
[BlackElo "1529"]
[PlyCount "82"]
[EventDate "2023.09.05"]
[EventType "swiss"]
[EventRounds "9"]
[EventCountry "GER"]
[SourceTitle "EXT 2024"]
[Source "ChessBase"]
[SourceDate "2023.10.10"]
[SourceVersion "1"]
[SourceVersionDate "2023.10.10"]
[SourceQuality "1"]

1. c4 c5 2. e4 Nc6 3. Nf3 g6 4. Nc3 Bg7 5. Be2 d6 6. 0-0 Nf6 7. a3 0-0 8. Rb1 a6 9. d4 cxd4 10. Nxd4 Qc7 11. Nxc6 bxc6 12. f4 e6 13. Be3 Re8 14. c5 d5 15. Bf3 Bb7 16. Bd4 Qxf4 17. g3 Qc7 18. Bf2 Rad8 19. Qc2 e5 20. exd5 cxd5 21. Ne2 Bc6 22. Rfe1 e4 23. Bg2 e3 24. Nd4 exf2+ 25. Kxf2 Rxe1 26. Rxe1 Ne4+ 27. Bxe4 Bxd4+ 28. Kf3 dxe4+ 29. Rxe4 Bxe4+ 30. Qxe4 Qxc5 31. b4 Qf5+ 32. Qxf5 gxf5 33. Kf4 Rd5 34. g4 fxg4 35. Kxg4 f6 36. Kf4 Be5+ 37. Kf5 Kg7 38. Ke4 Rd4+ 39. Kf5 Rh4 40. a4 Rxb4 41. a5 Bxh2 0-1

[Event "Rheinland Pfalz Seniors op"]
[Site "Altenkirchen"]
[Date "2023.09.08"]
[Round "4"]
[White "Linz, Stefan"]
[Black "Jovi, Klaus"]
[Result "1-0"]
[WhiteElo "1586"]
[BlackElo "1529"]
[PlyCount "83"]
[EventDate "2023.09.05"]
[EventType "swiss"]
[EventRounds "9"]
[EventCountry "GER"]
[SourceTitle "EXT 2024"]
[Source "ChessBase"]
[SourceDate "2023.10.10"]
[SourceVersion "1"]
[SourceVersionDate "2023.10.10"]
[SourceQuality "1"]

1. d4 Nf6 2. Nf3 g6 3. Bg5 Bg7 4. c3 0-0 5. Nbd2 d6 6. e4 Nbd7 7. Qc1 c5 8. Bd3 a6 9. 0-0 b5 10. a3 Bb7 11. Re1 Rc8 12. e5 dxe5 13. dxe5 Nd5 14. Be4 Qc7 15. Nb3 e6 16. Bh6 Qd8 17. Bxg7 Kxg7 18. Qd1 h6 19. Rc1 c4 20. Nbd2 Nc5 21. Rb1 Qe7 22. Nd4 Rfd8 23. Qg4 Nd7 24. f4 Nf8 25. Rf1 Ne3 26. Qg3 Nxf1 27. Rxf1 Bxe4 28. Nxe4 Qa7 29. Kh1 Rxd4 30. cxd4 Qxd4 31. Nd6 Rd8 32. f5 Qxb2 33. fxe6 Qe2 34. Qf4 fxe6 35. Qf7+ Kh8 36. Qf6+ Kh7 37. Qe7+ Kh8 38. Nf7+ Kg8 39. Nxh6+ Kh8 40. Qf6+ Kh7 41. Nf7 Kg8 42. Qh8# 1-0

[Event "Rottach Egern Seniors Cup 11th"]
[Site "Rottach Egern"]
[Date "2023.04.17"]
[Round "3"]
[White "Jovi, Klaus"]
[Black "Zilch, Lothar"]
[Result "0-1"]
[WhiteElo "1459"]
[BlackElo "1881"]
[PlyCount "74"]
[EventDate "2023.04.15"]
[EventType "swiss"]
[EventRounds "9"]
[EventCountry "GER"]
[SourceTitle "EXT 2024"]
[Source "ChessBase"]
[SourceDate "2023.10.10"]
[SourceVersion "1"]
[SourceVersionDate "2023.10.10"]
[SourceQuality "1"]

1. c4 e6 2. Nc3 d5 3. cxd5 exd5 4. e3 d4 5. Qa4+ Nc6 6. exd4 Qxd4 7. Nf3 Qxa4 8. Nxa4 Nb4 9. Kd1 Bf5 10. d3 f6 11. Bd2 0-0-0 12. Bxb4 Bxb4 13. Kc2 Nh6 14. h3 Rhe8 15. Rd1 Nf7 16. Nc3 h6 17. Rd2 a6 18. g4 Bh7 19. Bg2 Re7 20. Re1 Red7 21. Red1 Nd6 22. a3 Ba5 23. Kb3 Nb5 24. d4 Bg8+ 25. Kc2 Bxc3 26. bxc3 Nxa3+ 27. Kc1 Re7 28. Rb2 Nc4 29. Rb4 Bd5 30. Re1 Rde8 31. Rxe7 Rxe7 32. Kd1 a5 33. Rb1 Nd6 34. Nh4 Bxg2 35. Nxg2 Ne4 36. Kc2 Nxf2 37. Nf4 Re4 0-1

[Event "Altenkirchen Seniors op 19th"]
[Site "Altenkirchen"]
[Date "2022.07.24"]
[Round "6"]
[White "Jovi, Klaus"]
[Black "Linz, Stefan"]
[Result "1/2-1/2"]
[WhiteElo "1492"]
[BlackElo "1613"]
[PlyCount "86"]
[EventDate "2022.07.19"]
[EventType "swiss"]
[EventRounds "9"]
[EventCountry "GER"]
[SourceTitle "CBM 209 Extra"]
[Source "ChessBase"]
[SourceDate "2022.09.30"]
[SourceVersion "1"]
[SourceVersionDate "2022.09.30"]
[SourceQuality "1"]

1. c4 e5 2. Nc3 Nf6 3. Nf3 Nc6 4. e4 Bb4 5. Be2 0-0 6. d3 d6 7. 0-0 a6 8. Bg5 Bxc3 9. bxc3 Nb8 10. Qb3 Nbd7 11. d4 Qe7 12. h3 exd4 13. Nxd4 Qxe4 14. Qb2 h6 15. f3 Qg6 16. Be3 Re8 17. Bf2 Ne5 18. Kh2 Nh7 19. Rad1 c5 20. Nb3 Rb8 21. Qd2 Re6 22. Bg3 b6 23. Bxe5 Rxe5 24. Rf2 Re6 25. Qf4 Bb7 26. Bd3 Qf6 27. Qxf6 Rxf6 28. Rfd2 Nf8 29. Bc2 Rd8 30. Re2 Bc6 31. Nd2 Ne6 32. Ne4 Bxe4 33. Bxe4 Nf4 34. Rb2 Rb8 35. g3 Ng6 36. Rdb1 Kf8 37. Rxb6 Rxb6 38. Rxb6 Ne5 39. Bd5 Nxf3+ 40. Kg2 Ne1+ 41. Kg1 Nf3+ 42. Kg2 Ne1+ 43. Kg1 Nf3+ 1/2-1/2

[Event "Rottach Egern Seniors Cup 9th"]
[Site "Rottach Egern"]
[Date "2021.10.26"]
[Round "5"]
[White "De Polzer, Manfredi"]
[Black "Jovi, Klaus"]
[Result "0-1"]
[WhiteElo "1405"]
[BlackElo "1485"]
[PlyCount "178"]
[EventDate "2021.10.22"]
[EventType "swiss"]
[EventRounds "7"]
[EventCountry "GER"]
[SourceTitle "CBM 204 Extra"]
[Source "ChessBase"]
[SourceDate "2021.11.30"]
[SourceVersion "1"]
[SourceVersionDate "2021.11.30"]
[SourceQuality "1"]

1. e4 c5 2. Nf3 e6 3. c3 a6 4. Be2 Be7 5. 0-0 Nf6 6. e5 Nd5 7. d4 cxd4 8. Nxd4 0-0 9. c4 Nb4 10. a3 N4c6 11. Nf3 f6 12. Bf4 fxe5 13. Bxe5 Nxe5 14. Nxe5 Bf6 15. Nd3 Nc6 16. Nc3 b6 17. Rb1 Bb7 18. Bf3 Rb8 19. Ne4 Be7 20. b4 d6 21. Nd2 Qc7 22. Nb3 Rf6 23. Be4 Bc8 24. Qc2 Bd7 25. b5 Na5 26. bxa6 Ba4 27. Rfc1 Nxb3 28. Rxb3 d5 29. cxd5 Qxc2 30. Rxc2 Bxb3 31. Rc7 Bxd5 32. Bxd5 exd5 33. Rxe7 Ra8 34. Nb4 Rd6 35. a7 d4 36. Kf1 d3 37. Ke1 Kf8 38. Rb7 Rdd8 39. Kd2 h6 40. Nxd3 Kg8 41. f3 Kh7 42. Ke2 Rd5 43. Rxb6 Rxa7 44. Nf4 Re5+ 45. Kd3 Rxa3+ 46. Kd4 Rea5 47. Nd5 Ra2 48. Rd6 Rxg2 49. Rd7 Rg6 50. f4 Raa6 51. f5 Rgd6 52. Rb7 Ra5 53. f6 Raxd5+ 54. Ke4 Rxf6 55. Kxd5 Rf2 56. Ke4 Rxh2 57. Kf4 Rg2 58. Kf3 Rg5 59. Kf4 Rg1 60. Kf3 h5 61. Kf2 Rg4 62. Kf3 Kh6 63. Rb5 g6 64. Ra5 Rg1 65. Kf2 Rg5 66. Ra4 Rc5 67. Kg3 Kg5 68. Ra3 h4+ 69. Kf3 Kh5 70. Kg2 g5 71. Kf2 Rc4 72. Re3 Kg4 73. Re1 h3 74. Kg1 Kh4 75. Kh2 g4 76. Re3 Rc2+ 77. Kh1 Rf2 78. Re1 Kg3 79. Re3+ Kf4 80. Re8 Rb2 81. Re1 Kg3 82. Rf1 Rf2 83. Ra1 h2 84. Ra3+ Kh4 85. Rh3+ Kg5 86. Rh5+ Kf4 87. Rxh2 Rxh2+ 88. Kxh2 Kf3 89. Kg1 Kg3 0-1

[Event "Altenkirchen Seniors op 18th"]
[Site "Altenkirchen"]
[Date "2021.07.04"]
[Round "3"]
[White "Loibl, Johann"]
[Black "Jovi, Klaus"]
[Result "1-0"]
[WhiteElo "1667"]
[BlackElo "1533"]
[PlyCount "85"]
[EventDate "2021.07.02"]
[EventType "swiss"]
[EventRounds "9"]
[EventCountry "GER"]
[SourceTitle "CBM 203 Extra"]
[Source "ChessBase"]
[SourceDate "2021.09.30"]
[SourceVersion "1"]
[SourceVersionDate "2021.09.30"]
[SourceQuality "1"]

1. e4 e6 2. Qe2 c5 3. Nf3 Nc6 4. g3 e5 5. Bg2 d6 6. c3 Bg4 7. d3 Be7 8. Be3 h6 9. 0-0 Qd7 10. Na3 a6 11. Qd2 Qc7 12. Nc2 b5 13. b4 Nf6 14. Nh4 Nd7 15. Nf5 Bxf5 16. exf5 Rb8 17. f4 Bf6 18. Rae1 0-0 19. g4 exf4 20. Bxf4 Nce5 21. bxc5 dxc5 22. d4 Nc4 23. Bxc7 Nxd2 24. Bxb8 Nxf1 25. Bf4 cxd4 26. cxd4 Rc8 27. Be4 Rc4 28. Kxf1 Bxd4 29. Nxd4 Rxd4 30. Bg3 Ra4 31. Re2 Nf6 32. Bf3 Ra3 33. Kf2 b4 34. Bd6 a5 35. h4 Rd3 36. Be7 Rd4 37. Kg3 a4 38. Rb2 b3 39. axb3 Rd3 40. Bxf6 a3 41. Ra2 Rxb3 42. Be7 f6 43. Rxa3 1-0

[Event "Altenkirchen Seniors op 18th"]
[Site "Altenkirchen"]
[Date "2021.07.03"]
[Round "2"]
[White "Jovi, Klaus"]
[Black "Froitzheim, Ralf"]
[Result "0-1"]
[WhiteElo "1533"]
[BlackElo "1906"]
[PlyCount "88"]
[EventDate "2021.07.02"]
[EventType "swiss"]
[EventRounds "9"]
[EventCountry "GER"]
[SourceTitle "CBM 203 Extra"]
[Source "ChessBase"]
[SourceDate "2021.09.30"]
[SourceVersion "1"]
[SourceVersionDate "2021.09.30"]
[SourceQuality "1"]

1. Nf3 Nf6 2. c4 g6 3. Nc3 d5 4. e3 Bg7 5. d4 0-0 6. Be2 dxc4 7. Bxc4 c5 8. 0-0 cxd4 9. exd4 Bg4 10. Be3 Nc6 11. Be2 Nd5 12. a3 a6 13. Nxd5 Qxd5 14. h3 Bf5 15. Rc1 Rad8 16. Bc4 Qd7 17. b3 Be4 18. Be2 Bd5 19. b4 Bxf3 20. Bxf3 Nxd4 21. Bxd4 Bxd4 22. Qe2 e5 23. Rfd1 Rc8 24. Qe4 Rxc1 25. Rxc1 b6 26. Rc6 a5 27. b5 Rd8 28. a4 Kg7 29. Qc2 Bc5 30. Qe2 Qd4 31. g3 Rd7 32. Qa2 e4 33. Bg2 Qd2 34. Qa1+ Bd4 35. Qf1 f5 36. Kh2 h6 37. Re6 Rc7 38. Rc6 Re7 39. Rc4 Qxf2 40. Qc1 Be5 41. Qa3 Rf7 42. Rc1 e3 43. Rf1 Qxg3+ 44. Kg1 Qh2# 0-1

[Event "RLP Seniors op 17th"]
[Site "Neustadt an der Weinstrasse"]
[Date "2019.07.26"]
[Round "7"]
[White "Jovi, Klaus"]
[Black "Wulf, Adalbert"]
[Result "0-1"]
[WhiteElo "1545"]
[BlackElo "1858"]
[PlyCount "118"]
[EventDate "2019.07.20"]
[EventType "swiss"]
[EventRounds "9"]
[EventCountry "GER"]
[SourceTitle "CBM 192 Extra"]
[Source "Chessbase"]
[SourceDate "2019.11.06"]
[SourceVersion "1"]
[SourceVersionDate "2019.11.06"]
[SourceQuality "1"]

1. e4 c5 2. Nf3 Nc6 3. d4 cxd4 4. Nxd4 d6 5. Nc3 a6 6. Be2 g6 7. 0-0 Bg7 8. Nxc6 bxc6 9. Bd2 Nf6 10. Rb1 0-0 11. f3 h6 12. Bc4 Kh7 13. Ne2 e5 14. c3 d5 15. exd5 cxd5 16. Bb3 Qb6+ 17. Kh1 Be6 18. Be1 Qb7 19. Bf2 Rac8 20. Ng3 Nd7 21. Bc2 Rfd8 22. Bb3 Kg8 23. Qe2 Nc5 24. Bc2 a5 25. a3 h5 26. Rfe1 Nd7 27. Qd3 Nc5 28. Qe2 Nd7 29. Bd3 Rb8 30. a4 Qc7 31. Bb5 h4 32. Nf1 g5 33. g4 Nf8 34. Qd2 f6 35. b4 Bf7 36. Rbc1 Ra8 37. Bc5 Ne6 38. Qf2 Nxc5 39. bxc5 Bf8 40. c6 Be8 41. c4 d4 42. Qb2 Bc5 43. Nd2 Bb4 44. Re2 Bxd2 45. Rxd2 Bxc6 46. Qc2 Bxf3+ 47. Kg1 Kg7 48. Qf5 e4 49. c5 Qf4 50. Qxf4 gxf4 51. h3 Rac8 52. c6 Rc7 53. Rc5 e3 54. Rd3 Be4 55. Rd1 d3 56. Rc4 e2 57. Rdc1 d2 58. Rxe4 dxc1Q+ 59. Kf2 Qf1# 0-1

[Event "RLP Seniors op 17th"]
[Site "Neustadt an der Weinstrasse"]
[Date "2019.07.25"]
[Round "6"]
[White "Schwenke, Norbert"]
[Black "Jovi, Klaus"]
[Result "0-1"]
[WhiteElo "1584"]
[BlackElo "1545"]
[PlyCount "114"]
[EventDate "2019.07.20"]
[EventType "swiss"]
[EventRounds "9"]
[EventCountry "GER"]
[SourceTitle "CBM 192 Extra"]
[Source "Chessbase"]
[SourceDate "2019.11.06"]
[SourceVersion "1"]
[SourceVersionDate "2019.11.06"]
[SourceQuality "1"]

1. f4 d5 2. e3 Nf6 3. Nf3 Nc6 4. b3 e6 5. Bb2 a6 6. Bd3 Nb4 7. Be2 c5 8. a3 Nc6 9. c4 Qc7 10. Bxf6 gxf6 11. cxd5 exd5 12. Qc2 Be6 13. Bd3 h6 14. 0-0 b6 15. Nc3 b5 16. Qb1 Bg7 17. f5 Bd7 18. Ne2 0-0 19. Nf4 Ne7 20. Rc1 Rfc8 21. g3 Qb7 22. Nh4 Rc7 23. Nh5 Bh8 24. Qb2 Qb6 25. Re1 Rac8 26. Rab1 Rc6 27. Nf4 Rd6 28. Qc1 Bg7 29. Qd1 c4 30. Bc2 d4 31. bxc4 Rxc4 32. Nhg2 Nxf5 33. Bd3 Rc8 34. Qf3 dxe3 35. Rxe3 Nxe3 36. Qxe3 Qxe3+ 37. Nxe3 f5 38. Kg2 Bc6+ 39. Kh3 Rxd3 40. Nxd3 Be4 41. Rb3 Bf6 42. Nf4 Bg5 43. d3 Bxf4 44. dxe4 Bxe3 45. Rxe3 Re8 46. Kg2 Rxe4 47. Rxe4 fxe4 48. g4 Kg7 49. Kg3 a5 50. Kf4 b4 51. axb4 axb4 52. Kg3 b3 53. Kh4 b2 54. Kh5 b1Q 55. h4 Qb5+ 56. g5 e3 57. Kg4 e2 0-1

[Event "RLP Seniors op 17th"]
[Site "Neustadt an der Weinstrasse"]
[Date "2019.07.22"]
[Round "3"]
[White "Jovi, Klaus"]
[Black "Mentink, Toon"]
[Result "0-1"]
[WhiteElo "1545"]
[BlackElo "1839"]
[PlyCount "70"]
[EventDate "2019.07.20"]
[EventType "swiss"]
[EventRounds "9"]
[EventCountry "GER"]
[SourceTitle "CBM 192 Extra"]
[Source "Chessbase"]
[SourceDate "2019.11.06"]
[SourceVersion "1"]
[SourceVersionDate "2019.11.06"]
[SourceQuality "1"]

1. e4 e6 2. d4 d5 3. Nc3 Nf6 4. e5 Nfd7 5. f4 c5 6. Nf3 Nc6 7. Be3 Be7 8. Be2 cxd4 9. Nxd4 g5 10. Qd2 gxf4 11. Bxf4 Ndxe5 12. Nxc6 Nxc6 13. Nb5 e5 14. Bg3 a6 15. Nc3 Be6 16. h4 Qa5 17. Nd1 Qxd2+ 18. Kxd2 Rc8 19. c3 Rg8 20. Bf2 Rxg2 21. Ke1 Kd7 22. Ne3 Rg7 23. Rd1 d4 24. cxd4 exd4 25. Nc2 Bf6 26. Nxd4 Nxd4 27. Bxd4 Bxd4 28. Rxd4+ Ke7 29. Re4 b5 30. Kf2 Rc2 31. Rb1 Kf6 32. a3 Bd5 33. Re3 Rg2+ 34. Kf1 Rh2 35. Bf3 Rhf2+ 0-1

[Event "Rheinland Pfalz op Seniors 16th"]
[Site "Neustadt an der Weinstrasse"]
[Date "2018.07.13"]
[Round "7"]
[White "Jovi, Klaus"]
[Black "Klingenhaeger, Georg"]
[Result "1-0"]
[WhiteElo "1553"]
[BlackElo "1141"]
[PlyCount "79"]
[EventDate "2018.07.07"]
[EventType "swiss"]
[EventRounds "9"]
[EventCountry "GER"]
[SourceTitle "EXT 2019"]
[Source "ChessBase"]
[SourceDate "2018.10.10"]
[SourceVersion "1"]
[SourceVersionDate "2018.10.10"]
[SourceQuality "1"]

1. e4 e5 2. Nf3 Nc6 3. Bb5 Nf6 4. 0-0 Bc5 5. Re1 0-0 6. c3 a6 7. Ba4 b5 8. Bc2 d6 9. d4 exd4 10. cxd4 Bb6 11. Bg5 h6 12. Bh4 g5 13. Bg3 Bg4 14. h3 Bh5 15. Qc1 Nb4 16. Nc3 Bg6 17. Bb1 Re8 18. a3 Nc6 19. Qd2 b4 20. Nd5 Ba5 21. axb4 Bb6 22. Nxf6+ Qxf6 23. e5 dxe5 24. dxe5 Qg7 25. Ba2 Kh8 26. Rac1 Rad8 27. Qc3 Nd4 28. Nxd4 Bxd4 29. Qb3 Re7 30. Rcd1 Red7 31. e6 fxe6 32. Qxe6 Rf8 33. Qxa6 Bc2 34. Rxd4 Rxd4 35. Be5 Rd1 36. Bxg7+ Kxg7 37. Rxd1 Bxd1 38. Qb7 Re8 39. Qxc7+ Kf8 40. Qf7# 1-0

[Event "Rheinland Pfalz op Seniors 16th"]
[Site "Neustadt an der Weinstrasse"]
[Date "2018.07.10"]
[Round "4"]
[White "Jovi, Klaus"]
[Black "Reimer, Karl"]
[Result "0-1"]
[WhiteElo "1553"]
[BlackElo "1507"]
[PlyCount "126"]
[EventDate "2018.07.07"]
[EventType "swiss"]
[EventRounds "9"]
[EventCountry "GER"]
[SourceTitle "EXT 2019"]
[Source "ChessBase"]
[SourceDate "2018.10.10"]
[SourceVersion "1"]
[SourceVersionDate "2018.10.10"]
[SourceQuality "1"]

1. e4 d6 2. d4 c6 3. Nc3 Nd7 4. Nf3 Qc7 5. Bc4 e6 6. 0-0 a6 7. a3 Ngf6 8. Re1 g6 9. Be3 Ng4 10. Bd2 Bg7 11. h3 Ngf6 12. Bf4 0-0 13. e5 dxe5 14. dxe5 Nd5 15. Bxd5 cxd5 16. Qe2 Nb6 17. Nd4 Bd7 18. Nd1 Rac8 19. c3 Nc4 20. b3 Na5 21. a4 Nc6 22. b4 Nxd4 23. cxd4 Qc4 24. Qd2 Qc2 25. Nb2 Qxd2 26. Bxd2 Rc2 27. Bc1 Rfc8 28. Nd3 b6 29. g3 Bf8 30. Rd1 R2c4 31. Be3 Bxb4 32. Nxb4 Rxb4 33. Rdc1 Rxc1+ 34. Rxc1 Rc4 35. Rb1 b5 36. axb5 Bxb5 37. Kg2 Kg7 38. h4 f6 39. exf6+ Kxf6 40. g4 e5 41. dxe5+ Kxe5 42. Kg3 Ke6 43. Re1 Kf7 44. Rd1 Ke6 45. Bd4 Bd7 46. Kf4 a5 47. Kg5 Kf7 48. Kf4 a4 49. g5 a3 50. Ke5 Be6 51. Ra1 Ra4 52. f3 a2 53. Rc1 Rc4 54. Ra1 Rc2 55. Rh1 Re2+ 56. Kd6 Rd2 57. Ke5 Bf5 58. f4 Rxd4 59. Kxd4 Bb1 60. Kxd5 a1Q 61. Kc5 Qc3+ 62. Kb6 Qd4+ 63. Ka5 Qc5+ 0-1

[Event "Rheinland Pfalz op Seniors 16th"]
[Site "Neustadt an der Weinstrasse"]
[Date "2018.07.09"]
[Round "3"]
[White "Riegler, Markus"]
[Black "Jovi, Klaus"]
[Result "1-0"]
[WhiteElo "1758"]
[BlackElo "1553"]
[PlyCount "117"]
[EventDate "2018.07.07"]
[EventType "swiss"]
[EventRounds "9"]
[EventCountry "GER"]
[SourceTitle "EXT 2019"]
[Source "ChessBase"]
[SourceDate "2018.10.10"]
[SourceVersion "1"]
[SourceVersionDate "2018.10.10"]
[SourceQuality "1"]

1. c4 e5 2. Nc3 Nf6 3. g3 c6 4. e4 d6 5. h3 Nbd7 6. Nge2 Nb6 7. d3 Be6 8. Bg2 h6 9. Be3 Be7 10. 0-0 0-0 11. f4 exf4 12. Nxf4 Bd7 13. Kh2 Nh7 14. h4 Qc8 15. Bh3 Bxh3 16. Nxh3 Nd7 17. d4 Ndf6 18. Nf2 Re8 19. Bf4 b6 20. e5 dxe5 21. dxe5 Rd8 22. Qe2 Ne8 23. Qe4 Nf8 24. Rad1 Ne6 25. Rxd8 Nxd8 26. Be3 Ne6 27. Nh3 Rb8 28. a3 Qc7 29. b4 Rd8 30. Nf4 Nxf4 31. Qxf4 Bf8 32. Rd1 Rxd1 33. Nxd1 c5 34. b5 Qd7 35. Nf2 Nc7 36. Qe4 Ne6 37. Nd3 Nd4 38. Nf4 Nf5 39. Bf2 g6 40. e6 fxe6 41. Nxg6 Qf7 42. Nf4 Nd4 43. Bxd4 cxd4 44. Qxd4 Bxa3 45. Qe4 Bc5 46. Qxe6 Qxe6 47. Nxe6 Kf7 48. Nxc5 bxc5 49. g4 Ke6 50. Kg3 Ke5 51. Kf3 Kd4 52. g5 hxg5 53. h5 Kxc4 54. h6 Kxb5 55. h7 a5 56. h8Q c4 57. Qc3 a4 58. Ke4 g4 59. Kd4 1-0

[Event "Schleswig Holstein-ch Seniors op 11th"]
[Site "Buesum"]
[Date "2017.09.15"]
[Round "8"]
[White "Lueders, Guenter"]
[Black "Jovi, Klaus"]
[Result "1-0"]
[WhiteElo "1796"]
[BlackElo "1608"]
[PlyCount "109"]
[EventDate "2017.09.08"]
[EventType "swiss"]
[EventRounds "9"]
[EventCountry "GER"]
[SourceTitle "EXT 2019"]
[Source "ChessBase"]
[SourceDate "2018.10.10"]
[SourceVersion "1"]
[SourceVersionDate "2018.10.10"]
[SourceQuality "1"]

1. d4 Nf6 2. Nf3 d5 3. Bf4 e6 4. Nbd2 c5 5. c3 Nc6 6. h3 cxd4 7. cxd4 Bb4 8. a3 Bd6 9. Bxd6 Qxd6 10. e3 0-0 11. Be2 h6 12. 0-0 a6 13. Rc1 Bd7 14. Qb3 b5 15. Qa2 Rfb8 16. Nb3 Ne4 17. Bd3 f5 18. Nfd2 g5 19. Bxe4 fxe4 20. f4 exf3 21. Rxf3 Rf8 22. Rcf1 Kg7 23. Nc5 Rxf3 24. Rxf3 e5 25. Nxd7 Qxd7 26. Nb3 exd4 27. exd4 Re8 28. Qb1 Qe6 29. Qc2 Qe4 30. Qxc6 Qe1+ 31. Kh2 Qe6 32. Qxe6 Rxe6 33. Rf2 Re3 34. Nc5 a5 35. Nb7 b4 36. axb4 axb4 37. Nc5 Kg6 38. Nd7 b3 39. Nb6 Rd3 40. Nxd5 Rxd4 41. Nc3 Rc4 42. Kg1 Kh5 43. g4+ Kg6 44. Kg2 Rc5 45. Kg3 Ra5 46. Kf3 Ra1 47. Kg2 Rc1 48. Kg3 Rc2 49. Rxc2 bxc2 50. Ne2 Kf6 51. Kf3 Ke5 52. Ke3 Kd5 53. Kd3 c1Q 54. Nxc1 Kc5 55. Kc3 1-0

[Event "Schleswig Holstein-ch Seniors op 11th"]
[Site "Buesum"]
[Date "2017.09.10"]
[Round "3"]
[White "Woelfert, Juergen"]
[Black "Jovi, Klaus"]
[Result "1-0"]
[WhiteElo "1860"]
[BlackElo "1608"]
[PlyCount "93"]
[EventDate "2017.09.08"]
[EventType "swiss"]
[EventRounds "9"]
[EventCountry "GER"]
[SourceTitle "EXT 2019"]
[Source "ChessBase"]
[SourceDate "2018.10.10"]
[SourceVersion "1"]
[SourceVersionDate "2018.10.10"]
[SourceQuality "1"]

1. e4 e6 2. d4 d5 3. e5 c5 4. c3 Bd7 5. Nf3 Nc6 6. Bd3 cxd4 7. cxd4 Qb6 8. Be2 Bb4+ 9. Nc3 f6 10. 0-0 fxe5 11. dxe5 Nge7 12. Na4 Qc7 13. a3 Ba5 14. b4 Bb6 15. Bb2 0-0 16. Bd3 Nf5 17. Rc1 Qd8 18. Bc2 Nce7 19. Nxb6 Qxb6 20. g4 Nh6 21. Bd4 Qd8 22. Ng5 Ng6 23. Be3 Qe8 24. f4 Nf7 25. Bxg6 hxg6 26. Nf3 Nh6 27. h3 a6 28. Qd2 Bb5 29. Rf2 Bc4 30. Bc5 Rf7 31. Ng5 Rd7 32. Qd4 Nf7 33. Nf3 b5 34. Qe3 a5 35. Nd4 axb4 36. Bxb4 Rb7 37. Re1 Ra6 38. f5 gxf5 39. gxf5 exf5 40. Rxf5 Rg6+ 41. Kh2 Kh7 42. e6 Nh6 43. Rf8 Ng4+ 44. hxg4 Rh6+ 45. Qxh6+ gxh6 46. Rxe8 Rg7 47. Re7 1-0